Le noeud de vipères
محفوظ في:
| المؤلف الرئيسي: | |
|---|---|
| التنسيق: | كتاب |
| اللغة: | الفرنسية |
| منشور في: |
París
Bernard Grasset
1933
|
| الموضوعات: | |
| الوسوم: |
إضافة وسم
لا توجد وسوم, كن أول من يضع وسما على هذه التسجيلة!
|
MARC
| LEADER | 00000nam a2200000 a 4500 | ||
|---|---|---|---|
| 001 | UCQ4883 | ||
| 003 | CL-VaPUC | ||
| 008 | 980910e19330000FR |||||||||||||||||fre|d | ||
| 082 | 0 | 4 | |a 843 |b MAU |2 21 |
| 100 | |a Mauriac, François |e autor |9 304055 | ||
| 245 | 1 | 3 | |a Le noeud de vipères |
| 300 | |a 287 p | ||
| 942 | |c BK | ||
| 945 | |d 19980910 00:00:00 |a crobeson | ||
| 260 | |a París |b Bernard Grasset |c 1933 | ||
| 650 | 0 | |a Novela francesa |9 264985 | |
| 650 | 0 | |a Literatura francesa |9 266330 | |
| 583 | |a last modification |c 19980910 00:00:00 |k Rodrigo Vera | ||
| 999 | |c 275182 |d 275180 | ||
| 952 | |0 0 |1 0 |4 0 |6 843_000000000000000_MAU_1933 |7 0 |8 A |9 311739 |a BIBEDU |b BIBEDU |d 2019-11-20 |i 1466607 |o 843 MAU 1933 |p 1466607 |r 2019-11-20 |w 2019-11-20 |y BK |k LIT | ||